Statistics for Famous People in Massachusetts Town Names

Click here to take the quiz!

General Stats

  • This quiz has been taken 24 times
  • The average score is 10 of 19

Answer Stats

HintTown Name% Correct
Carver
81%
The original child starShirley
81%
Washington
81%
Clinton
69%
He's sitting on the dock of the bayOtis
69%
Ex-President's daughterChelsea
63%
Contrary to popular belief, did not invent peanut butterGeorgetown
63%
Actress, Basic InstinctSharon
63%
Reading
56%
Templeton
56%
Whitman
56%
Adams
50%
Berlin
44%
Stoneham
44%
Actor, comedian, hosted one of the first TV showsMilton
38%
19th Century American poetWaltham
38%
Wrote the ultimate guide to thumbing your wayDouglas
31%
Burlington
25%
Blessed America with a white ChristmasErving
25%

Score Distribution

Percentile by Number Answered

Percent of People with Each Score

Your Score History

You have not taken this quiz